Human rights & their enforcement in modern international law traditional islamic law & the national law of Iran (Record no. 1169335)

MARC details
000 -LEADER
fixed length control field 00558nam a2200193Ia 4500
003 - CONTROL NUMBER IDENTIFIER
control field OSt
005 - DATE AND TIME OF LATEST TRANSACTION
control field 20221007083232.0
008 - FIXED-LENGTH DATA ELEMENTS--GENERAL INFORMATION
fixed length control field 221006b |||||||| |||| 00| 0 eng d
037 ## - SOURCE OF ACQUISITION
Terms of availability Theseses
040 ## - CATALOGING SOURCE
Original cataloging agency FLL
Transcribing agency FLL
Language of cataloging eng
041 ## - LANGUAGE CODE
Source of code eng
Language code of text/sound track or separate title eng
100 ## - MAIN ENTRY--PERSONAL NAME
Personal name Piri Abbas Khwajeh
9 (RLIN) 700517
245 #0 - TITLE STATEMENT
Title Human rights & their enforcement in modern international law traditional islamic law & the national law of Iran
942 ## - ADDED ENTRY ELEMENTS (KOHA)
Koha item type Dissertations
Source of classification or shelving scheme Colon Classification (CC)
Holdings
Withdrawn status Lost status Source of classification or shelving scheme Damaged status Not for loan Home library Current library Date acquired Total Checkouts Barcode Date last seen Price effective from Koha item type
    Colon Classification (CC)     Faculty of Law Library Faculty of Law Library 2022-10-07   LLTH-12152 2022-10-07 2022-10-07 Dissertations
Copyright @ Delhi University Library System